Most Guessed US States on JetPunk - Statistics

General Stats
  • This quiz has been taken 109 times
  • The average score is 8 of 10
Answer Stats
% State % Correct
94 Florida
99%
96 California
98%
93 New York
98%
95 Texas
94%
91 Washington
86%
83 Hawaii
78%
89 Alaska
73%
83 Nevada
70%
83 Alabama
57%
82 New Mexico
57%
No matching quizzes found
Score Distribution
Percent of People with Each Score
Percentile by Number Answered
Your Score History
You have not taken this quiz